The world in 2020 : (Record no. 541805)
[ view plain ]
| 000 -LEADER | |
|---|---|
| fixed length control field | 00576mam a2200181 a 4500 |
| 020 ## - INTERNATIONAL STANDARD BOOK NUMBER | |
| International Standard Book Number | 0002551977 : |
| 082 04 - DEWEY DECIMAL CLASSIFICATION NUMBER | |
| Classification number | 330.01 |
| 100 1# - MAIN ENTRY--PERSONAL NAME | |
| Personal name | McRae, Hamish. |
| 9 (RLIN) | 12769 |
| 245 14 - TITLE STATEMENT | |
| Title | The world in 2020 : |
| Remainder of title | power, culture and prosperity : a vision of the future / |
| Statement of responsibility, etc. | Hamish McRae. |
| 260 ## - PUBLICATION, DISTRIBUTION, ETC. | |
| Place of publication, distribution, etc. | London : |
| Name of publisher, distributor, etc. | HarperCollins, |
| Date of publication, distribution, etc. | 1994. |
| 300 ## - PHYSICAL DESCRIPTION | |
| Extent | xiii, 302 p. : |
| Other physical details | ill. ; |
| Dimensions | 24 cm. |
| 500 ## - GENERAL NOTE | |
| General note | Includes index. |
| 526 ## - STUDY PROGRAM INFORMATION NOTE | |
| Program name | 0 |
| Interest level | 0 |
| Reading level | 0 |
| Title point value | 330_010000000000000 |
| 650 #0 - SUBJECT ADDED ENTRY--TOPICAL TERM | |
| Topical term or geographic name entry element | Economic forecasting. |
| 9 (RLIN) | 36853 |
| 650 #0 - SUBJECT ADDED ENTRY--TOPICAL TERM | |
| Topical term or geographic name entry element | Social prediction. |
| 9 (RLIN) | 12756 |
| 650 #0 - SUBJECT ADDED ENTRY--TOPICAL TERM | |
| Topical term or geographic name entry element | Twenty-first century |
| 942 ## - ADDED ENTRY ELEMENTS (KOHA) | |
| Source of classification or shelving scheme | |
| Koha item type | Book |
| Withdrawn status | Lost status | Source of classification or shelving scheme | Damaged status | Not for loan | Permanent Location | Current Location | Date acquired | Total Checkouts | Full call number | Barcode | Date last seen | Date last checked out | Copy number | Price effective from | Koha item type |
|---|---|---|---|---|---|---|---|---|---|---|---|---|---|---|---|
| Military College of Engineering (MCE) | Military College of Engineering (MCE) | 08/30/2013 | 1 | 330.01 | MCE-30615 | 06/17/2015 | 06/01/2015 | 3 | 08/30/2013 | Book |
